Bilecik Bilecik Bilecik Bilecik Bilecik

Vassaf Bey / (Record no. 44109)

MARC details
000 -BAŞLIK
Sabit Uzunluktaki Kontrol Alanı 01001nam a22003257a 4500
001 - KONTROL NUMARASI
Control Dosyası 0044260
003 - KONTROL NUMARASI KİMLİĞİ
Kontrol Alanı KOHA_MİRAKIL
005 - EN SON İŞLEM TARİHİ ve ZAMANI
Kontrol Alanı 20260207003422.0
007 - FİZİKSEL TANIM SABİT ALAN - GENEL BİLGİ
Sabit uzunluklu kontrol alanı ta
008 - SABİT UZUNLUKTAKİ VERİ ÖGELERİ - GENEL BİLGİ
Sabit Alan 130805b1983 tu |||gr||||#0|||1|tur |
040 ## - KATALOGLAMA KAYNAĞI
Özgün Kataloglama Kurumu TR-BiSEU
Kataloglama Dili tur
Çeviri Kurumu TR-BiSEU
Açıklama Kuralları rda
041 0# - DİL KODU
Metin ya da ses kaydının dil kodu tur
044 ## - YAYINLAYAN/ÜRETEN KURULUŞUN ÜLKE KODU
ISO country code tu
050 ## - SINIFLAMA ve YER NUMARASI
Sınıflama Numarası PL248.E84
Yer Numarası V37 1983
100 1# - KİŞİ ADI
Yazar Adı (Kişi adı) Esendal, Memduh Şevket.
245 1# - ESER ADI BİLDİRİMİ
Başlık Vassaf Bey /
Sorumluluk Bildirimi Memduh Şevket Esendal ; Memduh Şevket Esendal (M.Ş.E.).
264 #1 - ÜRERİM, YAYIN, DAĞITIM ve TELİF BİLDİRİMİ
Yayın yeri Ankara :
Yayınlayan Bilgi Yayınevi
Yayın tarihi 1983
300 ## - FİZİKSEL TANIMLAMA
Sayfa, Cilt vb. 250 sayfa ;
Boyutları 20 cm.
336 ## - İÇERİK TÜRÜ
Content type term metin
Content type code txt
Source rdacontent
337 ## - MEDYA TÜRÜ
Media type term aracısız
Media type code n
Source rdamedia
338 ## - TAŞIYICI TÜRÜ
Carrier type term cilt
Carrier type code nc
Source rdacarrier
490 1# - DİZİ BİLDİRİMİ
Dizi Bildirimi Bilgi Yayınları ;
Cilt Numarası 295.
490 1# - DİZİ BİLDİRİMİ
Dizi Bildirimi Memduh Şevket Esendal bütün eserleri ;
Cilt Numarası 2
650 #0 - KONU BAŞLIĞI EK GİRİŞ - KONU TERİMİ
Konusal terim veya coğrafi ad Turkish fiction.
9 (RLIN) 6661
650 #0 - KONU BAŞLIĞI EK GİRİŞ - KONU TERİMİ
Konusal terim veya coğrafi ad Türk romanı.
9 (RLIN) 5504
830 1# - SERİ EK GİRİŞİ - TEKBİÇİM ESER ADI
Tekbiçim Başlık Bilgi Yayınları ;
Volume number/sequential designation 295.
9 (RLIN) 9867
830 1# - SERİ EK GİRİŞİ - TEKBİÇİM ESER ADI
Tekbiçim Başlık Memduh Şevket Esendal bütün eserleri ;
Volume number/sequential designation 2
9 (RLIN) 82655
907 ## - LOCAL DATA ELEMENT G, LDG (RLIN)
a Roman
942 ## - EK GİRİŞ ÖGELERİ (KOHA)
Source of classification or shelving scheme Library of Congress Classification
Koha item type Book
Holdings
Materyal Türü Kalıcı Konum Mevcut Konum Raf Yeri Sınıflandırma Kaynağı Edinim Bilgisi Ana Konular Alt Konular Yer Numarası Demirbaş Numarası Fatura Tarihi Maliyet, Alış Fiyatı Maliyet, Yenileme Fiyatı Geri Çekilme Durumu Kayıp Durumu Hasarlı Durumu Kredi için değil Kayıt Tarih Toplam Ödünçverme Son Görülme Tarihi Son Kontrol Tarihi Genel / Bağış Notu
Book Prof. Dr. Azmi Özcan Kütüphanesi Prof. Dr. Azmi Özcan Kütüphanesi Birûni Salonu Library of Congress Classification Bağış DİL VE EDEBİYAT Doğu Asya, Afrika, Okyanusya Dilleri ve Edebiyatları PL248.E84 V37 1983 0044260 02/02/2026 4.00 4.00         05/08/2013 3 05/12/2024 05/12/2024 Ramazan Bakkal